| 000 | 00790nam a2200241Ia 4500 | ||
|---|---|---|---|
| 003 | OSt | ||
| 005 | 20220927105043.0 | ||
| 006 | a|||||r|||| 00| 0 | ||
| 007 | ta | ||
| 008 | 220926b |||||||| |||| 00| 0 eng d | ||
| 024 | _a169399 | ||
| 037 | _cReference Collections | ||
| 040 |
_aRTL _cRTL _beng |
||
| 041 |
_2eng _aeng |
||
| 082 | _a"X9(FSSI):8F.56124 N72 - N71r, L2.1-2" | ||
| 110 |
_aNational coal board. _9369925 |
||
| 245 | 0 | _a"Report and Accounts 28th March, 1971-25th March, 1972" | |
| 260 |
_aLondon _bHer Majesty's Stationery office _c1972 |
||
| 300 |
_a"xiii, 105p." _ccm. |
||
| 700 |
_aNational coal board. _9369926 |
||
| 942 |
_h"X9(FSSI):8F.56124 N72 - N71r, L2.1-2" _cCC |
||
| 999 |
_c690495 _d690495 |
||